Podnikanie v pohostinstve a hotelierstve

Enregistré dans:
Détails bibliographiques
Auteur principal: Sládek, Gustáv
Format: Livre
Langue:slovaque
Publié: Bratislava EPOS 2003
Sujets:
Tags: Ajouter un tag
Pas de tags, Soyez le premier à ajouter un tag!

MARC

LEADER 00000nam$a2200000$$$4500
001 0000843
005 20240314091308.5
020 |a 80-8057-523-1 
041 0 |a slo 
044 |a SK 
245 1 0 |a Podnikanie v pohostinstve a hotelierstve  |c Gustáv Sládek 
264 1 |a Bratislava  |b EPOS  |c 2003 
300 |a 558 s. 
610 2 0 |a pohostinstvo 
610 2 0 |a hotelierstvo 
610 2 0 |a ubytovanie 
610 2 0 |a gastronómia 
610 2 0 |a reštaurácie 
610 2 0 |a podnikanie 
610 2 0 |a služby 
610 2 0 |a riadenie 
610 2 0 |a trh 
610 2 0 |a ceny 
610 2 0 |a marketing 
610 2 0 |a štandardy 
610 2 0 |a zákony 
610 2 0 |a Slovensko 
100 1 |a Sládek, Gustáv